| 000 | 00361cam a2200145ua 4500 | ||
|---|---|---|---|
| 041 |
_aeng _h |
||
| 082 |
_a824 _bHUX/SC |
||
| 100 | _aHuxley, Aldous . | ||
| 245 |
_aScience, Liberty and Peace / _cAldous Huxley. _hTextual Documents |
||
| 260 |
_aLondon : _bChatto and Windus , _c1950. |
||
| 300 | _a63 ; . | ||
| 504 | _a | ||
| 942 | _cBK | ||
| 999 |
_c11851 _d11851 |
||